000 01102nam a2200277Ia 4500
003 OSt
005 20220923211226.0
006 a|||||r|||| 00| 0
007 ta
008 220922b |||||||| |||| 00| 0 hin d
020 _a9788170540000 (hbk)
_c1150
024 _a354,255
037 _b116, 27/12/2021, Eastern Book Linkers
_cTextual
040 _aARTS
_cARTS
_bhin
041 _2hin
_ahin
082 _aO152,3:g(Y5927), Q1
100 _aमेहरा, दिलीप, ले.
245 0 _aहिन्दी कथा साहित्य में दलित विमर्श
246 _aHindī kathā sāhitya mean dalit vimarsha
260 _aनई दिल्ली
_b क्लासिकल पब्लिशिंग कम्पनी
_c2011
300 _a480पृ.
_ccm.
650 _a हिन्दी साहित्य
_9156264
650 _aहिन्दी कविता
942 _hO152,3:g(Y5927), Q1
_cTEXL
_2CC
999 _c297244
_d297244